EMPLOYMENT GUARANTEE AND RURAL POOR: (Record no. 211765)

MARC details
000 -LEADER
fixed length control field 00621nam a22001817a 4500
005 - DATE AND TIME OF LATEST TRANSACTION
control field 20250612145610.0
010 ## - LCCN (DPL NO)
LC control number ENG-145325
020 ## - INTERNATIONAL STANDARD BOOK NUMBER
International Standard Book Number 9788175102651
Terms of availability 650.00
035 ## - SYSTEM CONTROL NUMBER
System control number EN-128857
037 ## - SOURCE OF ACQUISITION
Source of stock number/acquisition DBAD
082 ## - DEWEY DECIMAL CLASSIFICATION NUMBER
Classification number 331.1204240954
Edition number 1
100 ## - MAIN ENTRY--PERSONAL NAME
Personal name Laha, Sidhartha Sankar
245 ## - TITLE STATEMENT
Title EMPLOYMENT GUARANTEE AND RURAL POOR:
Statement of responsibility, etc Sidhartha Sankar Laha
Remainder of title Reflections from West Bengal /
260 ## - PUBLICATION, DISTRIBUTION, ETC. (IMPRINT)
Place of publication, distribution, etc New Delhi
Name of publisher, distributor, etc Reliance Publishing House
Date of publication, distribution, etc 2021
270 ## - ADDRESS
Address WZ 526, Nangal Rana, New Delhi-110046
City New Delhi
Postal code 110046
300 ## - PHYSICAL DESCRIPTION
Extent xv, 207p.
Dimensions 24cm(hb)
942 ## - ADDED ENTRY ELEMENTS (KOHA)
Source of classification or shelving scheme Dewey Decimal Classification
Item type English Books
Classification part 331.1204240954
Call number suffix LAH
Holdings
Withdrawn status Lost status Not for loan Collection code Home library Current library Date acquired Source of acquisition Cost, normal purchase price Full call number Barcode Copy number Cost, replacement price Koha item type
      Non-fiction RC3 Shakur Pur RC3 Shakur Pur 12/06/2025 Delivery of Books Act Division 650.00 331.1204240954 LAH EN-128857 1 650.00 English Books

© Delhi Public Library
Hit Counter
free hit counter